| 000 | 00374nam a22001337a 4500 | ||
|---|---|---|---|
| 003 | SGT | ||
| 082 |
_a616.0707 _bA113B |
||
| 100 | _aSWATI, BAJWA | ||
| 245 | _aA STUDY TO ESTIMATE THE SERUM IgG & IgM LEVELS IN PATIENTS WITH ORAL LEUKOPLAKIA & OSCC | ||
| 260 |
_aDELHI NCR _bSGT UNIVERSITY GURUGRAM _c2015 |
||
| 300 | _a1-107 | ||
| 650 | _aORAL PATHOLOGY | ||
| 942 |
_2ddc _cTH |
||
| 999 |
_c17476 _d17476 |
||